| Tag |
First Indicator |
Second Indicator |
Subfields |
| LEADER |
00000cam a2200000 a 4500 |
| 001 |
in00000085733 |
| 005 |
20151222090958.0 |
| 008 |
800731s1979 nyuabf b 00010 eng d |
| 035 |
|
|
|a (OCoLC)06570479
|
| 035 |
|
|
|9 AAH6880AM
|
| 040 |
|
|
|a XBM
|c XBM
|d TXA
|d UtOrBLW
|
| 049 |
|
|
|a TXAM
|c [1272266]
|
| 090 |
|
|
|a QC981
|b C4 v.32, no.2
|
| 100 |
1 |
|
|a Ryerson, Charles Curtis.
|
| 245 |
1 |
2 |
|a A moisture-based model for calculating daily changes in seasonal soil frost depth /
|c by Charles C. Ryerson.
|
| 264 |
|
1 |
|a Elmer, N.J. :
|b C.W. Thornthwaite Associates, Laboratory of Climatology ;
|a Newark, Del. :
|b University of Delaware, Center for Climatic Research,
|c 1979.
|
| 300 |
|
|
|a iv, 115 pages, 24 unnumbered leaves of plates :
|b illustrations, maps ;
|c 28 cm.
|
| 336 |
|
|
|a text
|b txt
|2 rdacontent
|
| 337 |
|
|
|a unmediated
|b n
|2 rdamedia
|
| 338 |
|
|
|a volume
|b nc
|2 rdacarrier
|
| 490 |
1 |
|
|a Publications in climatology ;
|v v. 32, no. 2
|
| 504 |
|
|
|a Bibliography: pages 61-69.
|
| 650 |
|
0 |
|a Soil freezing.
|
| 710 |
2 |
|
|a Laboratory of Climatology.
|
| 830 |
|
0 |
|a Publications in climatology (Seabrook, N.J.)
|v v. 32, no. 2.
|
| 999 |
|
|
|a MARS
|
| 999 |
f |
f |
|s f8132212-8036-3be4-a0f8-9f083d55602c
|i 58b6b43f-e9fc-38b2-9354-367564aa4b17
|t 0
|
| 952 |
f |
f |
|p ric
|a Texas A&M University
|b Rellis Campus
|c Joint Library Facility
|d Remote Storage
|t 0
|e QC981 C4 v.32, no.2
|h Library of Congress classification
|i unmediated -- volume
|m A14805949662
|
| 998 |
f |
f |
|a QC981 C4 v.32, no.2
|t 0
|l Remote Storage
|